[Event "Rheinland Pfalz Seniors op"]
[Site "Altenkirchen"]
[Date "2023.09.11"]
[Round "7"]
[White "Fleuch, Hans Juergen"]
[Black "Lohaus, Herbert"]
[Result "1-0"]
[WhiteElo "1884"]
[BlackElo "1680"]
[PlyCount "125"]
[EventDate "2023.09.05"]
[EventType "swiss"]
[EventRounds "9"]
[EventCountry "GER"]
[SourceTitle "EXT 2024"]
[Source "ChessBase"]
[SourceDate "2023.10.10"]
[SourceVersion "1"]
[SourceVersionDate "2023.10.10"]
[SourceQuality "1"]

1. e4 d6 2. d4 Nf6 3. Nc3 g6 4. Be2 Bg7 5. h4 h5 6. Nf3 Bg4 7. Bg5 Nbd7 8. Qd2 c6 9. a4 Qc7 10. 0-0 0-0 11. Be3 Rac8 12. Ne1 Bxe2 13. Qxe2 Ng4 14. Bg5 Rce8 15. Qd3 Qb6 16. Nf3 a6 17. a5 Qc7 18. Ne2 e6 19. c3 c5 20. Bd2 Rc8 21. Rfc1 c4 22. Qc2 Qc6 23. Nh2 Nxh2 24. Kxh2 Nf6 25. f3 Qc7 26. Be3 Qe7 27. g3 Qc7 28. Rg1 Qd7 29. Qa4 Qc7 30. Rab1 Kh7 31. b3 d5 32. e5 Nd7 33. bxc4 dxc4 34. Rb2 b5 35. axb6 Nxb6 36. Qxa6 Nd5 37. Rb7 Qd8 38. Bg5 Qe8 39. Qb5 Qxb5 40. Rxb5 Ra8 41. Rb2 Ra3 42. Bd2 Bh6 43. f4 Rfa8 44. Kg2 R8a7 45. Rgb1 Kg7 46. Kf2 Ra2 47. Ke1 Rxb2 48. Rxb2 Kg8 49. Ng1 Ra3 50. Rc2 Bf8 51. Nf3 Nb4 52. cxb4 Rxf3 53. Rc3 Rxc3 54. Bxc3 Be7 55. Kd2 Kf8 56. Kc2 Ke8 57. Bd2 Kd7 58. Kc3 Kc6 59. Kxc4 Kb6 60. b5 Ba3 61. d5 exd5+ 62. Kxd5 Bc5 63. Be1 1-0

[Event "Rheinland Pfalz Seniors op"]
[Site "Altenkirchen"]
[Date "2023.09.06"]
[Round "2"]
[White "Fleuch, Hans Juergen"]
[Black "Haubt, Georg"]
[Result "1/2-1/2"]
[WhiteElo "1884"]
[BlackElo "2082"]
[PlyCount "67"]
[EventDate "2023.09.05"]
[EventType "swiss"]
[EventRounds "9"]
[EventCountry "GER"]
[SourceTitle "EXT 2024"]
[Source "ChessBase"]
[SourceDate "2023.10.10"]
[SourceVersion "1"]
[SourceVersionDate "2023.10.10"]
[SourceQuality "1"]

1. e4 d5 2. Nc3 d4 3. Nce2 c5 4. Ng3 Nc6 5. d3 Nf6 6. Be2 g6 7. Nf3 Qc7 8. Bd2 Bg7 9. Qc1 h5 10. h3 Nh7 11. Bh6 Bf6 12. Bf4 e5 13. Bd2 Be6 14. h4 Be7 15. Ng5 Bg4 16. Nxh7 Rxh7 17. f3 Be6 18. Nf1 Qd8 19. g3 f5 20. Bg5 Bxg5 21. Qxg5 Qxg5 22. hxg5 Nb4 23. exf5 gxf5 24. Kd2 0-0-0 25. a3 Nd5 26. Re1 f4 27. gxf4 exf4 28. Bd1 Bf7 29. Kc1 Bg6 30. Rh4 Kd7 31. Nd2 Rf8 32. Reh1 Ne3 33. Ne4 Bxe4 34. dxe4 1/2-1/2

[Event "Bodenmais op"]
[Site "Bodenmais"]
[Date "2022.08.02"]
[Round "4"]
[White "Herbold, Manfred"]
[Black "Fleuch, Hans Juergen"]
[Result "1/2-1/2"]
[WhiteElo "2037"]
[BlackElo "1982"]
[PlyCount "30"]
[EventDate "2022.07.30"]
[EventType "swiss"]
[EventRounds "9"]
[EventCountry "GER"]
[SourceTitle "CBM 209 Extra"]
[Source "ChessBase"]
[SourceDate "2022.09.30"]
[SourceVersion "1"]
[SourceVersionDate "2022.09.30"]
[SourceQuality "1"]

1. Nc3 g6 2. e4 Bg7 3. d4 c6 4. a4 d6 5. h3 Nf6 6. Nf3 b6 7. Bd3 Qc7 8. Be3 Nbd7 9. Qd2 e5 10. Bh6 0-0 11. g4 Re8 12. dxe5 dxe5 13. Rg1 Nc5 14. Nh4 Nxd3+ 15. cxd3 Qe7 1/2-1/2

[Event "WchT Seniors 65"]
[Site "Radebeul"]
[Date "2016.07.01"]
[Round "6.5"]
[White "Fleuch, Hans Juergen"]
[Black "Bocionek, Dieter"]
[Result "1/2-1/2"]
[WhiteElo "2078"]
[BlackElo "1956"]
[PlyCount "35"]
[EventDate "2016.06.26"]
[EventType "team-swiss"]
[EventRounds "9"]
[EventCountry "GER"]
[SourceTitle "CBM 173 Extra"]
[Source "ChessBase"]
[SourceDate "2016.08.29"]
[SourceVersion "1"]
[SourceVersionDate "2016.08.29"]
[SourceQuality "1"]
[WhiteTeam "Stiftung BSW/DBAG"]
[BlackTeam "Sachsen Anhalt"]
[WhiteTeamCountry "GER"]
[BlackTeamCountry "GER"]

1. Nf3 d5 2. g3 Nf6 3. Bg2 c6 4. b3 Bf5 5. Bb2 Nbd7 6. d3 e6 7. 0-0 Qc7 8. h3 h6 9. c4 Rc8 10. Nbd2 Be7 11. Re1 0-0 12. e4 dxe4 13. dxe4 Bh7 14. e5 Ne8 15. Ne4 Nc5 16. Nxc5 Bxc5 17. Qe2 g5 18. Nd2 1/2-1/2

[Event "EU-chT Seniors"]
[Site "Vienna"]
[Date "2015.07.19"]
[Round "8.9"]
[White "Olesen, Poul Erik Norgaard"]
[Black "Fleuch, Hans Juergen"]
[Result "1/2-1/2"]
[WhiteElo "1970"]
[BlackElo "2100"]
[PlyCount "28"]
[EventDate "2015.07.12"]
[EventType "team-swiss"]
[EventRounds "9"]
[EventCountry "AUT"]
[SourceTitle "EXT 2018"]
[Source "ChessBase"]
[SourceDate "2017.10.13"]
[SourceVersion "1"]
[SourceVersionDate "2017.10.13"]
[SourceQuality "1"]
[WhiteTeam "Norresundby"]
[BlackTeam "DSW DBAG"]
[WhiteTeamCountry "DEN"]
[BlackTeamCountry "GER"]

1. e4 g6 2. d4 Bg7 3. Nc3 d6 4. Be2 Nd7 5. Be3 Ngf6 6. Qd2 c6 7. a4 e5 8. Nf3 Qe7 9. dxe5 dxe5 10. 0-0 0-0 11. Ne1 Nc5 12. f3 Rd8 13. Nd3 Nxd3 14. Bxd3 Be6 1/2-1/2

[Event "EU-chT Seniors"]
[Site "Vienna"]
[Date "2015.07.12"]
[Round "1.19"]
[White "Fleuch, Hans Juergen"]
[Black "Wood, Peter R"]
[Result "1/2-1/2"]
[WhiteElo "2100"]
[BlackElo "1872"]
[PlyCount "72"]
[EventDate "2015.07.12"]
[EventType "team-swiss"]
[EventRounds "9"]
[EventCountry "AUT"]
[SourceTitle "EXT 2018"]
[Source "ChessBase"]
[SourceDate "2017.10.13"]
[SourceVersion "1"]
[SourceVersionDate "2017.10.13"]
[SourceQuality "1"]
[WhiteTeam "DSW DBAG"]
[BlackTeam "England IV"]
[WhiteTeamCountry "GER"]
[BlackTeamCountry "ENG"]

1. e4 e6 2. d4 d5 3. Nc3 Nf6 4. e5 Ng8 5. Nf3 b6 6. Be2 Ba6 7. 0-0 Ne7 8. Bg5 Qd7 9. a4 Bxe2 10. Qxe2 Nbc6 11. Nd1 h6 12. Bd2 Nf5 13. c3 Be7 14. Qd3 Na5 15. Qc2 0-0 16. Re1 c5 17. dxc5 bxc5 18. Ne3 Nxe3 19. Bxe3 Rfc8 20. b3 Rab8 21. Rab1 Rb7 22. Rb2 Rcb8 23. Reb1 Nc6 24. Qe2 a5 25. Bd2 c4 26. Qd1 Qc7 27. Bf4 Bc5 28. Qe2 Rxb3 29. Rxb3 Rxb3 30. Rxb3 cxb3 31. Qb2 Qb6 32. Bg3 d4 33. Nd2 dxc3 34. Qxc3 Bd4 35. Qxb3 Qxb3 36. Nxb3 Bc3 1/2-1/2

[Event "GER-chA Seniors 26th"]
[Site "Bad Neuenahr"]
[Date "2014.08.13"]
[Round "9"]
[White "Siegmund, Rainer"]
[Black "Fleuch, Hans Juergen"]
[Result "1-0"]
[WhiteElo "2145"]
[BlackElo "2075"]
[PlyCount "120"]
[EventDate "2014.08.05"]
[EventType "swiss"]
[EventRounds "9"]
[EventCountry "GER"]
[SourceTitle "EXT 2018"]
[Source "ChessBase"]
[SourceDate "2017.10.13"]
[SourceVersion "1"]
[SourceVersionDate "2017.10.13"]
[SourceQuality "1"]

1. d4 d5 2. c4 Nc6 3. cxd5 Qxd5 4. e3 e5 5. Nc3 Bb4 6. a3 Bxc3+ 7. bxc3 Nf6 8. c4 Qd6 9. d5 Ne7 10. a4 c5 11. Ne2 0-0 12. Nc3 Bd7 13. e4 Ne8 14. Bd3 Qg6 15. 0-0 Qf6 16. Be3 Qd6 17. Qd2 f6 18. Rfb1 Qc7 19. Qb2 Nd6 20. Qa3 Rfc8 21. Rb2 Ng6 22. a5 Nf4 23. Bf1 Rab8 24. Rab1 f5 25. Bxf4 exf4 26. e5 Ne4 27. e6 Be8 28. f3 Nd6 29. Nd1 g6 30. Qc3 Qg7 31. Qc1 Qd4+ 32. Nf2 Qf6 33. Qxf4 Qe7 34. Qe5 Nxc4 35. Bxc4 Rd8 36. Nd3 Qh4 37. f4 Qe7 38. Qe3 Rdc8 39. Ne5 Qd6 40. Nd3 Qe7 41. Qe5 Rd8 42. Rd2 b5 43. axb6 axb6 44. Rdb2 Rd6 45. h3 h5 46. Ne1 h4 47. Nf3 Kh7 48. Nxh4 Rb7 49. Nf3 Kg8 50. Nd2 Rb8 51. Nf1 Kh7 52. Ne3 Qd8 53. Bb5 Bxb5 54. Rxb5 Ra8 55. e7 Qd7 56. Rxb6 Rxb6 57. Rxb6 Re8 58. d6 Qa7 59. Nd5 Kh6 60. Rb1 c4+ 1-0

[Event "GER-chA Seniors 26th"]
[Site "Bad Neuenahr"]
[Date "2014.08.10"]
[Round "6"]
[White "Fleuch, Hans Juergen"]
[Black "Reimann, Guenther"]
[Result "1/2-1/2"]
[WhiteElo "2075"]
[BlackElo "1932"]
[PlyCount "108"]
[EventDate "2014.08.05"]
[EventType "swiss"]
[EventRounds "9"]
[EventCountry "GER"]
[SourceTitle "EXT 2018"]
[Source "ChessBase"]
[SourceDate "2017.10.13"]
[SourceVersion "1"]
[SourceVersionDate "2017.10.13"]
[SourceQuality "1"]

1. e4 e6 2. a3 d5 3. e5 c5 4. f4 Nc6 5. Nf3 Bd7 6. Be2 Nge7 7. 0-0 Nf5 8. c3 Be7 9. Bd3 Nh6 10. b3 Qb6 11. Kh1 Na5 12. b4 Nc6 13. Qe2 c4 14. Bc2 a5 15. Bb2 0-0 16. d3 cxd3 17. Bxd3 d4 18. bxa5 Nxa5 19. Nxd4 Nb3 20. Nxb3 Qxb3 21. Bc2 Qb5 22. c4 Qc6 23. Bc3 Nf5 24. Nd2 Rfc8 25. Be4 Qa6 26. Bd3 Qa7 27. a4 Qe3 28. a5 Bc6 29. Rae1 Bc5 30. Bxf5 Qxe2 31. Rxe2 exf5 32. h3 Re8 33. Rfe1 Re6 34. Kh2 Rd8 35. Nb3 Ba7 36. Rd2 Rxd2 37. Bxd2 Rg6 38. Re2 Ba4 39. Be3 Bxb3 40. Bxa7 Bxc4 41. Rd2 h6 42. Rd8+ Kh7 43. Rd7 Kg8 44. Rxb7 Rxg2+ 45. Kxg2 Bd5+ 46. Kf2 Bxb7 47. h4 Kf8 48. Bc5+ Ke8 49. Ke3 g6 50. Kd4 Kd7 51. Bf8 Kc6 52. Bxh6 Kb5 53. e6 fxe6 54. Ke5 Bf3 1/2-1/2

[Event "GER-chA Seniors 26th"]
[Site "Bad Neuenahr"]
[Date "2014.08.07"]
[Round "3"]
[White "Rosen, Willy"]
[Black "Fleuch, Hans Juergen"]
[Result "1-0"]
[WhiteElo "2235"]
[BlackElo "2075"]
[PlyCount "73"]
[EventDate "2014.08.05"]
[EventType "swiss"]
[EventRounds "9"]
[EventCountry "GER"]
[SourceTitle "EXT 2018"]
[Source "ChessBase"]
[SourceDate "2017.10.13"]
[SourceVersion "1"]
[SourceVersionDate "2017.10.13"]
[SourceQuality "1"]

1. e4 Nc6 2. c4 Nf6 3. Nc3 e5 4. Nf3 Bb4 5. d3 d6 6. Be2 0-0 7. 0-0 Ne7 8. Bg5 Bxc3 9. bxc3 Ng6 10. Ne1 h6 11. Be3 Be6 12. g3 Ne8 13. Ng2 Bh3 14. c5 b6 15. d4 dxc5 16. dxc5 Qe7 17. Qa4 Nf6 18. f3 Bd7 19. c6 Bh3 20. Rfd1 Rfe8 21. Bf2 Nf8 22. Ne3 Be6 23. c4 Reb8 24. Rab1 a6 25. Qb4 Qe8 26. Nd5 Bxd5 27. cxd5 Qc8 28. Qc3 Ng6 29. d6 cxd6 30. Bxb6 Ne8 31. Bc4 Nf8 32. Bd5 Ne6 33. c7 N8xc7 34. Bxa8 Nxa8 35. Qxc8+ Rxc8 36. Ba5 Kf8 37. Rdc1 1-0

[Event "EU-chT Seniors"]
[Site "Sibenik"]
[Date "2014.04.05"]
[Round "5.10"]
[White "Giulian, Philip Maurice"]
[Black "Fleuch, Hans Juergen"]
[Result "1-0"]
[WhiteElo "2193"]
[BlackElo "2064"]
[PlyCount "55"]
[EventDate "2014.04.01"]
[EventType "team-swiss"]
[EventRounds "9"]
[EventCountry "CRO"]
[SourceTitle "CBM 159 Extra"]
[Source "ChessBase"]
[SourceDate "2014.04.24"]
[SourceVersion "1"]
[SourceVersionDate "2014.04.24"]
[SourceQuality "1"]
[WhiteTeam "Scotland Seniors"]
[BlackTeam "Germany Stiftung BSW/DBAG Seniors"]
[WhiteTeamCountry "SCO"]
[BlackTeamCountry "GER"]

1. d4 d5 2. c4 Nc6 3. Nf3 Bg4 4. Nc3 e6 5. cxd5 exd5 6. Bf4 Bd6 7. Bg3 Bxg3 8. hxg3 Nf6 9. e3 0-0 10. a3 Ne7 11. Bd3 Bf5 12. Ne5 c6 13. Bxf5 Nxf5 14. g4 Ne7 15. g5 Nd7 16. Qh5 h6 17. gxh6 g6 18. Qg5 f6 19. h7+ Kh8 20. Nxg6+ Nxg6 21. Qxg6 b5 22. Ne2 Qe7 23. Nf4 Qg7 24. Qf5 Qf7 25. Ng6+ Kg7 26. Nxf8 Rxf8 27. h8Q+ Rxh8 28. Qg4+ 1-0

[Event "EU-chT Seniors 15th"]
[Site "Dresden"]
[Date "2013.07.20"]
[Round "1"]
[White "Fleuch, Hans Juergen"]
[Black "Thygesen, Else MS"]
[Result "1-0"]
[WhiteElo "2064"]
[BlackElo "2105"]
[PlyCount "69"]
[EventDate "2013.07.20"]
[EventType "team-swiss"]
[EventRounds "9"]
[EventCountry "GER"]
[SourceTitle "CBM 155 Extra"]
[Source "ChessBase"]
[SourceDate "2013.08.26"]
[SourceVersion "1"]
[SourceVersionDate "2013.08.26"]
[SourceQuality "1"]
[WhiteTeam "BSW/DBAG"]
[BlackTeam "Denmark II"]
[WhiteTeamCountry "GER"]
[BlackTeamCountry "DEN"]

1. e4 c5 2. Nf3 Nc6 3. c3 d6 4. d4 cxd4 5. cxd4 a6 6. Be2 Nf6 7. 0-0 g6 8. Nc3 Bg7 9. a4 0-0 10. d5 Ne5 11. Nxe5 dxe5 12. Be3 h5 13. h3 Qd6 14. Qb3 Kh8 15. f3 g5 16. Bxg5 Nh7 17. Bh4 Qg6 18. Kh2 Rg8 19. Rg1 Bh6 20. g4 Bf4+ 21. Bg3 hxg4 22. Bxf4 exf4 23. hxg4 Ng5 24. Kg2 Qf6 25. Nd1 Rg7 26. Nf2 Kg8 27. Qc3 Qg6 28. Qe5 Qb6 29. Qxe7 Bxg4 30. Nxg4 Qxb2 31. Rae1 Rg6 32. Rh1 b5 33. Rh6 Kg7 34. Rxg6+ Kxg6 35. Ne5+ 1-0

[Event "Arber op Seniors 1st"]
[Site "Bayerisch Eisenstein"]
[Date "2013.07.02"]
[Round "4"]
[White "Fleuch, Hans Juergen"]
[Black "Riedl, Maximilian"]
[Result "1/2-1/2"]
[WhiteElo "2064"]
[BlackElo "1990"]
[PlyCount "108"]
[EventDate "2013.06.29"]
[EventType "swiss"]
[EventRounds "9"]
[EventCountry "GER"]
[SourceTitle "EXT 2014"]
[Source "ChessBase"]
[SourceDate "2013.11.20"]
[SourceVersion "1"]
[SourceVersionDate "2013.11.20"]
[SourceQuality "1"]

1. e4 c5 2. Nf3 Nf6 3. e5 Nd5 4. c3 d6 5. d4 cxd4 6. Qxd4 e6 7. Bc4 Nc6 8. Qe4 Nb6 9. Bb5 d5 10. Qe2 Bd7 11. 0-0 Be7 12. Bd3 Qc7 13. Re1 a6 14. Nbd2 Na5 15. Nf1 Na4 16. Nd4 Nc6 17. Nxc6 Bxc6 18. Bd2 Nxb2 19. Bc2 Nc4 20. Bc1 b5 21. Bd3 Bd7 22. Bf4 Nb6 23. Bd2 Na4 24. Qg4 g6 25. Rac1 Nc5 26. Bc2 Bc6 27. Bh6 0-0-0 28. Qf4 f5 29. Nd2 Rdg8 30. Bg5 Bxg5 31. Qxg5 h6 32. Qe3 Bb7 33. Nf3 g5 34. Nd4 f4 35. Qf3 h5 36. Qd1 g4 37. Kh1 h4 38. a4 f3 39. gxf3 g3 40. axb5 gxf2 41. Rf1 axb5 42. Qe2 Rg5 43. Qxf2 h3 44. Nxb5 Qb6 45. Nd6+ Kc7 46. Nxb7 Nxb7 47. Qxb6+ Kxb6 48. Rb1+ Kc7 49. f4 Rg2 50. Bd1 Nc5 51. Bf3 Rc2 52. Rbc1 Rxc1 53. Rxc1 Nd3 54. Rf1 Nxf4 1/2-1/2

[Event "Arber op Seniors 1st"]
[Site "Bayerisch Eisenstein"]
[Date "2013.06.30"]
[Round "2"]
[White "Fleuch, Hans Juergen"]
[Black "Kiefer, Herbert"]
[Result "1/2-1/2"]
[WhiteElo "2064"]
[BlackElo "1894"]
[PlyCount "64"]
[EventDate "2013.06.29"]
[EventType "swiss"]
[EventRounds "9"]
[EventCountry "GER"]
[SourceTitle "EXT 2014"]
[Source "ChessBase"]
[SourceDate "2013.11.20"]
[SourceVersion "1"]
[SourceVersionDate "2013.11.20"]
[SourceQuality "1"]

1. e4 c5 2. c3 d6 3. d4 cxd4 4. cxd4 Nf6 5. Nc3 a6 6. a4 g6 7. Nf3 Bg7 8. Be2 0-0 9. 0-0 b6 10. h3 Bb7 11. Bd3 Nbd7 12. Be3 Rc8 13. Qe2 Nb8 14. Rac1 d5 15. e5 Nfd7 16. Qd2 e6 17. Bh6 Nc6 18. Bg5 Qe8 19. Bc2 Na5 20. b3 Rc7 21. Na2 Nc6 22. Bd3 Ndb8 23. Rc3 Qd7 24. Rfc1 Rfc8 25. Bh6 Bh8 26. Qc2 a5 27. Qe2 Na7 28. Qd2 Rxc3 29. Rxc3 Rxc3 30. Nxc3 Nbc6 31. Nb5 Nc8 32. Na3 N8a7 1/2-1/2

[Event "Arber op 1st"]
[Site "Bayerisch Eisenstein"]
[Date "2012.08.26"]
[Round "9"]
[White "Herbold, Manfred"]
[Black "Fleuch, Hans Juergen"]
[Result "1-0"]
[WhiteElo "2088"]
[BlackElo "1949"]
[PlyCount "93"]
[EventDate "2012.08.18"]
[EventType "swiss"]
[EventRounds "9"]
[EventCountry "GER"]
[SourceTitle "CBM 150 Extra"]
[Source "ChessBase"]
[SourceDate "2012.10.19"]
[SourceVersion "1"]
[SourceVersionDate "2012.10.19"]
[SourceQuality "1"]

1. Nf3 Nf6 2. d4 d6 3. b3 Bg4 4. Nbd2 Nbd7 5. Bb2 c6 6. c4 Bf5 7. Nh4 Bg6 8. Nxg6 hxg6 9. e4 Qa5 10. Qc2 e6 11. a3 Ng4 12. h3 Ngf6 13. g3 Be7 14. Bg2 e5 15. Bc3 Qc7 16. Qb2 exd4 17. Bxd4 Nc5 18. Qc2 Ne6 19. Be3 Nd7 20. Nf3 Bf6 21. Ra2 Ne5 22. Qd2 Rd8 23. Rc2 Nc5 24. Nd4 0-0 25. 0-0 Rfe8 26. b4 Ne6 27. Rd1 Nxd4 28. Bxd4 b5 29. cxb5 c5 30. bxc5 dxc5 31. Rxc5 Qd6 32. Be3 Qe7 33. Qc2 Rxd1+ 34. Qxd1 Rd8 35. Rd5 Rc8 36. a4 Qa3 37. Kh2 Rc4 38. Bxa7 Rc1 39. Qe2 Ra1 40. Bd4 Ra2 41. Qd1 Nd3 42. Bxf6 Nxf2 43. Qd4 Ng4+ 44. hxg4 Qf3 45. Qb2 Rxb2 46. Bxb2 Qxg4 47. b6 1-0

[Event "Arber op 1st"]
[Site "Bayerisch Eisenstein"]
[Date "2012.08.23"]
[Round "6"]
[White "Plaettner, Stefan"]
[Black "Fleuch, Hans Juergen"]
[Result "1/2-1/2"]
[WhiteElo "1859"]
[BlackElo "1949"]
[PlyCount "33"]
[EventDate "2012.08.18"]
[EventType "swiss"]
[EventRounds "9"]
[EventCountry "GER"]
[SourceTitle "CBM 150 Extra"]
[Source "ChessBase"]
[SourceDate "2012.10.19"]
[SourceVersion "1"]
[SourceVersionDate "2012.10.19"]
[SourceQuality "1"]

1. e4 Nc6 2. Nf3 d5 3. exd5 Qxd5 4. Nc3 Qa5 5. Be2 Bf5 6. d3 e6 7. Bd2 Qc5 8. a3 Qd6 9. Be3 Nf6 10. Nh4 Bg6 11. Bf3 a6 12. h3 Rb8 13. Nxg6 hxg6 14. Ne4 Nxe4 15. Bxe4 Be7 16. 0-0 Nd4 17. c3 1/2-1/2